Applying social innovation - the successful way to sustainable and competitive firms scientific monograph

Salvato in:
Dettagli Bibliografici
Autore principale: Bukovová, Sylvia, 1959-
Altri autori: Deáková, Stanislava, 1974-, Dubcová, Gabriela, 1968-, Kissová, Jana, 1979-, Kubica, Milan, 1958-, Matušovič, Martin, Mikoláš, Zdeněk, Kožená, Marcela
Natura: Libro
Lingua:inglese
Pubblicazione: Ljubljana Verlag Dashöfer 2017
Edizione:1st ed.
Soggetti:
Tags: Aggiungi Tag
Nessun Tag, puoi essere il primo ad aggiungerne!!

MARC

LEADER 00000nam a2200000 4500
001 0238763
005 20240523115044.3
020 |a 978-961-6869-48-5 
041 0 |a eng 
044 |a SI 
245 1 0 |a Applying social innovation - the successful way to sustainable and competitive firms  |b scientific monograph  |c Sylvia Bukovová ... [et al.] ; reviewers: Zdeněk Mikoláš, Marcela Kožená 
250 |a 1st ed. 
264 1 |a Ljubljana  |b Verlag Dashöfer  |c 2017 
300 |a 409 s. [26,09 AH] 
610 2 0 |a inovácie sociálne 
610 2 0 |a manažment 
610 2 0 |a riadenie sociálne 
610 2 0 |a konkurencieschopnosť 
610 2 0 |a politika podniková 
610 2 0 |a politika sociálna podniková 
610 2 0 |a Slovensko 
100 1 |a Bukovová, Sylvia, 1959- 
700 1 |a Deáková, Stanislava, 1974- 
700 1 |a Dubcová, Gabriela, 1968- 
700 1 |a Kissová, Jana, 1979- 
700 1 |a Kubica, Milan, 1958- 
700 1 |a Matušovič, Martin 
700 1 |a Mikoláš, Zdeněk 
700 1 |a Kožená, Marcela